MDQL
is popping MORE tags! Check the
thread
!
Quizzes
Events
Quiz Creation
Community
Videos
Private Events
Remove Ads
Sign In
Join for FREE
Feedback
Dark Mode
Quiz Categories
Sports
Geography
Music
Movies
Television
Just For Fun
Miscellaneous
History
Literature
Language
Science
Gaming
Entertainment
Religion
Holiday
For Kids
Quiz Lab
Recent
Popular Today
Quiz Kudos Today
Editor Picks
Curator Picks
Quizzes by...
Day
Popularity
Type
Ratings
Length
Year
Community
Subscriptions
Recent Discussions
Orange Saloon
Badges
Playlists
Quests
Create
Leaderboards
Showdown
Live 5
Trivia Bingo
Activity
Puzzle Library
Sporcle Events
Private Events
Virtual Trivia
Globe League
Become a Host
Pub Owners
SporcleCon
Opinionation
Our Games
Videos
Blog
Mobile Apps
Partnerships
Remove Ads and Go Orange
Feedback
Entertainment
Celebrity
Famous
Musical
Broadway
Show
Quote
Comic Books
Anime
Superhero
DC Comics
Marvel
Cartoons
Animation
Entertainment
Celebrity
Famous
Musical
Broadway
Show
Quote
Comic Books
Anime
Superhero
DC Comics
Marvel
Cartoons
Animation
Random Quiz
Search Sporcle
×
Quiz Lab
Quiz Lab
Entertainment
Minecraft
Type in answers that appear in a list
Type in answers that appear in a list
Classic
Best Score? Go Orange.
Let's Play Minecraft Episode Titles 1-261 Stats
Can you name Achievement Hunter's Let's Play Minecraft Episode Titles? Episodes 1 through 261
By
justahufflepuff
20m
262 Questions
49 Plays
49 Plays
49 Plays
Comments
Comments
Give Quiz Kudos
Give Quiz Kudos
-
- Ratings
hide this ad
Replay
Link that replays current quiz
Next Quiz
Link to next quiz in quiz playlist
You Got
0%
They Got
Avg Score
24%
Avg Friend Score
Upgrade to see
Score Distribution
Jump to the score distribution portion of the page
Score
0/262
Timer
20:00
0
Plays Today
Episode
Title
% Correct
Episode 4
Race to Bedrock!
77.6%
Episode 2
On a Rail!
75.5%
Episode 3
PLAN G
75.5%
Episode 57
King Geoff Part 1
71.4%
Episode 60
King Ryan
71.4%
Episode 13
Find the Tower Part 1
69.4%
Episode 14
Find the Tower Part 2
69.4%
Episode 79
King Michael
69.4%
Episode 10
Wipeout Part 1
67.3%
Episode 11
Wipeout Part 2
67.3%
Episode 52
Shopping List
67.3%
Episode 65
King Ray
67.3%
Episode 89
Mad King Ryan Part 1
65.3%
Episode 121
King Gavin Part 1
63.3%
Episode 37
Clouds
61.2%
Episode 46
Cloud Down
61.2%
Episode 49
THE END Part 1
61.2%
Episode 15
Tower of Geoff Part 1
59.2%
Episode 16
Tower of Geoff Part 2
59.2%
Episode 24
Capture the Tower!
59.2%
Episode 55
Creeper Soccer
59.2%
Episode 39
Dig Down
57.1%
Episode 58
King Geoff Part 2
57.1%
Episode 90
Mad King Ryan Part 2
57.1%
Episode 151
Brown Out
57.1%
Episode 41
No Petting Zoo
55.1%
Episode 50
The End Part 2
55.1%
Episode 95
Monopoly
55.1%
Episode 100
Episode 100
55.1%
Episode 23
Hunger games
53.1%
Episode 51
The End Part 3
53.1%
Episode 81
Geoff's House Part 1
53.1%
Episode 22
Grifball
51%
Episode 53
Shopping List Part 2
51%
Episode 83
Geoff's House Part 2
49%
Episode 110
Monopoly Part 2
49%
Episode 6
Enter the Nether Part 1
46.9%
Episode 43
Thunderdome
46.9%
Episode 61
King Ryan Part 2
46.9%
Episode 122
King Gavin Part 2
46.9%
Episode 5
The Hunt for Diamonds
44.9%
Episode 7
Enter the Nether Part 2
44.9%
Episode 12
Last Man Standing
44.9%
Episode 17
Tower of Geoff Part 3
44.9%
Episode 19
Altar of Pimps
44.9%
Episode 28
Fishing Rodeo & Jamboree
44.9%
Episode 35
Potions
44.9%
Episode 56
Hit List
44.9%
Episode 63
Lava Wall
44.9%
Episode 66
King Ray Part 2
44.9%
Episode 72
Galacticraft Part 1
44.9%
Episode 74
The Pit
44.9%
Episode 120
Monopoly Part 3
44.9%
Episode 73
Galacticraft Part 2
42.9%
Episode 85
Geoff's House Part 3
42.9%
Episode 101
Ice Cube
42.9%
Episode 8
Build a Tower Part 1
40.8%
Episode 9
Build a Tower Part 2
40.8%
Episode 18
Mineball
40.8%
Episode 31
Wool Collecting Part 1
40.8%
Episode 34
Pig Olympics
40.8%
Episode 45
Thread the Needle
40.8%
Episode 75
Galacticraft Part 3
40.8%
Episode 76
Actual Petting Zoo
40.8%
Episode 104
Enter the Negatower Part 1
40.8%
Episode 222
Dark Monopoly
40.8%
Episode 245
Clouds X
40.8%
Episode 29
The Walls
38.8%
Episode 32
Wool Collecting Part 2
38.8%
Episode 44
Ender Pearl Race
38.8%
Episode 103
Dropping List
38.8%
Episode 247
Sky Factory
38.8%
Episode 54
I Spy
36.7%
Episode 64
Dark Petting Zoo
36.7%
Episode 78
The Most Dangerous Game
36.7%
Episode 80
Fishing Rodeo & Jamboree II
36.7%
Episode 84
Capture the Tower X
36.7%
Episode 115
Storm the Tower: Lads Attack
36.7%
Episode 132
Fishing Rodeo And Jamboree III
36.7%
Episode 190
Tower of Gav
36.7%
Episode 27
Mounted Combat
34.7%
Episode 86
The Twelve Towers
34.7%
Episode 88
Snowbound
34.7%
Episode 91
Darwin Awards
34.7%
Episode 116
Storm the Tower: Gents Attack
34.7%
Episode 134
Mega Dig
34.7%
Episode 232
Dark Monopoly Part 2
34.7%
Episode 21
Stronghold Hunting in 1.8!
32.7%
Episode
Title
% Correct
Episode 36
Potions Part 2
32.7%
Episode 38
Pac-Man
32.7%
Episode 42
No Petting Zoo Part 2
32.7%
Episode 93
Spring Harvest
32.7%
Episode 105
Enter the Negatower Part 2
32.7%
Episode 119
The Pit X
32.7%
Episode 147
Cloud Down X
32.7%
Episode 242
Dark Monopoly Part 3
32.7%
Episode 248
Sky Factory Part 2
32.7%
Episode 253
Sky Factory Part 3
32.7%
Episode 40
Dig Down Part 2
30.6%
Episode 47
Enchantment Level 30
30.6%
Episode 77
Human Hit List
30.6%
Episode 113
Megatower
30.6%
Episode 59
Wolf Spa
28.6%
Episode 62
Creeper Census
28.6%
Episode 68
Quest for Horses
28.6%
Episode 87
Geoff's Anatomy
28.6%
Episode 139
Ice Cube X
28.6%
Episode 142
Legends of the Hidden Tower
28.6%
Episode 191
Tower of Gav Part 2
28.6%
Episode 221
Creeper Soccer X
28.6%
Episode 96
Tallest Tower
26.5%
Episode 118
Galacticraft Part 4
26.5%
Episode 130
Top Chef
26.5%
Episode 136
Mega Dig Part 2
26.5%
Episode 152
Flip This House
26.5%
Episode 185
Fishing Rodeo and Jamboree IV
26.5%
Episode 20
The Labyrinth
24.5%
Episode 26
Underground Farmers
24.5%
Episode 92
Iron Golem
24.5%
Episode 99
Golden Hoe
24.5%
Episode 102
Grounded
24.5%
Episode 111
Jack's Nightmare
24.5%
Episode 25
Stronghold Hunting Part 2
22.4%
Episode 33
Achievement Raceway
22.4%
Episode 131
Top Chef Part 2
22.4%
Episode 176
Blocking List
22.4%
Episode 30
1.9 Update
20.4%
Episode 69
Quest for Horses Part 2
20.4%
Episode 70
Quest for Horses Part 3
20.4%
Episode 97
Title Update 14 Part 1
20.4%
Episode 123
On a Rail 2
20.4%
Episode 149
Darwin Awards X
20.4%
Episode 181
Hit List X
20.4%
Episode 71
Maze in Buckingham Palace
18.4%
Episode 106
Bodyguards
18.4%
Episode 107
Halo Mashup
18.4%
Episode 125
Battleship
18.4%
Episode 154
Finish This House!
18.4%
Episode 169
Re-Find the Tower
18.4%
Episode 1
Let's Play Minecraft with Geoff, Jack, Michael, Gavin and Ray
16.3%
Episode 48
Enchantment Level 30 - Part II
16.3%
Episode 98
Title Update 14 Part 2
16.3%
Episode 133
Top Chef Part 3
16.3%
Episode 137
Bingo
16.3%
Episode 144
Temple Run
16.3%
Episode 146
Tornado Alley
16.3%
Episode 153
Flip This House Part 2
16.3%
Episode 155
Shopping List X
16.3%
Episode 188
Flower Picking
16.3%
Episode 114
Megatower Part 2
14.3%
Episode 124
On a Rail 2 Part 2
14.3%
Episode 128
Zombie Doctor
14.3%
Episode 145
Feels Fishy
14.3%
Episode 159
Dino Dads
14.3%
Episode 170
Re-Find the Tower 2
14.3%
Episode 174
There Is No Learning Curve
14.3%
Episode 175
There Is No Learning Curve [Part 2]
14.3%
Episode 198
Mr. J
14.3%
Episode 211
Achievelantis
14.3%
Episode 67
Mass Effect Mash-Up Edition
12.2%
Episode 94
UnMonuments Men
12.2%
Episode 112
The Great Pig Race
12.2%
Episode 117
Halo: CTF
12.2%
Episode 138
I Spy 2
12.2%
Episode 148
Chutes and Ladders
12.2%
Episode 156
Shopping List X Part 2
12.2%
Episode 180
There Is No Learning Curve [Part 3]
12.2%
Episode 209
The Most Dangerous Game X
12.2%
Episode 224
Pixelmon
12.2%
Episode 233
The World is Lava
12.2%
Episode 119.5
Xbox One Achievement Race
10.2%
Episode 126
Halloween Spooktacular Part 1
10.2%
Episode 129
Zombie Doctor Part 2
10.2%
Episode 140
Wither Hunt
10.2%
Episode 150
Darwin X Part 2
10.2%
Episode 225
Pixelmon Part 2
10.2%
Episode
Title
% Correct
Episode 234
The World is Lava Part 2
10.2%
Episode 82
Skyrim Mashup Edition
8.2%
Episode 108
Title Update 14 Appreciation
8.2%
Episode 109
Title Update 14 Appreciation Part 2
8.2%
Episode 127
Halloween Spooktacular Part 2
8.2%
Episode 157
Shopping List X Finale
8.2%
Episode 171
Mogataur
8.2%
Episode 189
Clean House
8.2%
Episode 197
There Is No Learning Curve 2
8.2%
Episode 200
Super Sleuths
8.2%
Episode 235
The World is Lava Part 3
8.2%
Episode 260
Achievement Highlands
8.2%
Episode 135
Expanded Achievement City
6.1%
Episode 141
Wither Hunt Part 2
6.1%
Episode 161
Jurassic Dorks
6.1%
Episode 164
July Update
6.1%
Episode 165
July Update Part 2
6.1%
Episode 167
Greek Mythology
6.1%
Episode 172
Colosseum Clash
6.1%
Episode 173
Thief Town
6.1%
Episode 182
Hit List X Part 2
6.1%
Episode 186
There Is No Learning Curve [Part 4]
6.1%
Episode 158
Againderman
4.1%
Episode 160
Againderman Part 2
4.1%
Episode 162
Cretaceous Park
4.1%
Episode 163
Ender DrAgain
4.1%
Episode 177
Blocking List(Part 2)
4.1%
Episode 183
Black Friday
4.1%
Episode 184
Hit List X Part 3
4.1%
Episode 203
Mo'Chievements, Mo' Problems
4.1%
Episode 204
Ocarina of Time
4.1%
Episode 229
Chinese Mythology
4.1%
Episode 231
Slender
4.1%
Episode 240
Pest Control
4.1%
Episode 243
Ender City
4.1%
Episode 246
Clouds X Part 2
4.1%
Episode 166
Turbo Kart Racers
2%
Episode 168
Revenge!
2%
Episode 178
Story Mode
2%
Episode 187
The Krampus
2%
Episode 192
1.8.8 Adventure
2%
Episode 202
There Is No Learning Curve 2: The Curvening
2%
Episode 205
Mo'Chievements: A Few Bad Apples
2%
Episode 206
Mo'Chievements: Wither Away
2%
Episode 208
Mo'Chievements: Beaconator
2%
Episode 215
Battle Mode
2%
Episode 217
Ryan's the One in the Hole
2%
Episode 226
Battle Mode Part 2
2%
Episode 230
Darwin Awards 3
2%
Episode 238
Fishing Rodeo and Jamboree V
2%
Episode 244
The Glass Tower
2%
Episode 252
The Classy Way In
2%
Episode 257
Oceancraft
2%
Episode 143
Lengends of the Hidden Tower Part 2
0%
Episode 179
Halloween Mashup Pack
0%
Episode 193
1.8.8 Adventure Part 2
0%
Episode 194
1.8.8 Appreciation
0%
Episode 195
1.8.8 Appreciation Part 2
0%
Episode 196
1.8.8 Appreciation Part 3
0%
Episode 199
1.9.0 Update
0%
Episode 201
Golden Gumshoes
0%
Episode 207
Ocarina of Time: Dodongo's Cavern
0%
Episode 210
Ocarina of Time: Jabu Jabu's Belly
0%
Episode 212
Super Mario Mash Up Pack
0%
Episode 213
Frostburn
0%
Episode 214
Fossil Finders
0%
Episode 216
Triathlon
0%
Episode 218
Hole Lot of Renovating
0%
Episode 219
Hole In Three
0%
Episode 220
Off Topic
0%
Episode 223
Tumble
0%
Episode 227
Pixelmon Part 3: The King of Karp
0%
Episode 228
Pixelmon Part 4: The Great Suck-Off
0%
Episode 236
Voyage of the Dumb Treaders
0%
Episode 237
Journey to the (South)West
0%
Episde 239
Freezeezy
0%
Episode 241
Pixelmon Part 5: I'm a Computer!
0%
Episode 249
Mo'Chievements: FUPA
0%
Episode 250
Mo'Chievements: Horsin' Around
0%
Episode 251
Deluxe Apartment in the Sky
0%
Episode 254
Glider Raceway
0%
Episode 255
Mo'Chievements: I'm Only Human
0%
Episode 256
Mo'Chievements: Double Dragon
0%
Episode 258
2 Glide 2 Furious
0%
Episode 259
Dark Monopoly Finale
0%
Episode 261
Achievement Highlands: Grippin' and Rippin'
0%
Quiz Playlist
Details
Report
Send in Message
Add To Playlist
Classic:
Type in answers that appear in a list
Last Updated: Sep 15, 2017
Quiz Scoreboard
CHALLENGE
Sign Up to Join the Scoreboard
Show All
Scores
Hide
Comments
May contain spoilers
Recently Published
Colored Red Africa Blitz
by spor1
Geography
30s
Find the 'City' Movie
by crazypaving
Movies
60s
5x2 Blitz: Bands
by SL_Kpop136
Music
30s
More to Explore
Quiz From the Vault
Featured Blog Post
14 Easter Pick-up Lines to Find Eggs With
hide this ad
You Might Also Like...
Tags
Minecraft Quiz
Rooster Teeth
Youtube
Today's Top Quizzes in Entertainment
Browse Entertainment
hide this ad
Today's Top Quizzes in Minecraft
Browse Minecraft
Top Contributed Quizzes in Entertainment
1
Dragon Ball Z: Goku's Fights in Order
2
Marvel Characters Bunker
3
Marvel Classic Character Map
4
Celebrity Spelling Bee
5
This is Your Life: Edward Elric
6
This is Your Life: Itachi Uchiha
7
Dragon Ball Z: Immortal Characters
8
X-Men: 10 to 1
9
Fairy Tail 12-1
10
Finish The Line - Starship (Starkid)
Explore More
Trending Topics
Anime
Harry Potter
NBA
Kpop
Disney
Crossword
Marvel
Puzzle
The Office
Pokémon
Country
NFL
WWE
Song
Soccer
hide this ad
More By:
justahufflepuff
Quiz
Plays
Rating
Category
Featured
Created
Harry Potter Logic Quiz
4,305
4.17
Literature
Aug 5, 2016
Marvel Movies Actors
207
2.00
Movies
Aug 27, 2015
Let's Play Minecraft Episode Titles 1-261
49
Entertainment
Sep 15, 2017
Go to Creator's Profile
Score Distribution
Quiz Creator Spotlight
justahufflepuff
Follow
Send a Message
Quizzes Created
-
Created Quiz Play Count
-
More By This Creator
Popular Quizzes Today
1
Find the 'City' Movie
2
5x2 Blitz: Bands
3
Colored Red Africa Blitz
4
Find the US States - No Outlines Minefield
5
The Countries of the World
6
Find the US States
7
9x9 Crossword: Cartoon Network
8
US States
More Entertainment Quizzes
Politicians on 'SNL'
Published
Trending Quizzes
Colored Red Europe Blitz I
Colored Red Africa Blitz II
Colored Red Africa Blitz III
Colored Red Europe Blitz III
Colored Red Europe Blitz II
Recently Updated
Champions League XIs: Real Madrid
pecheneg
Largest US Cities 1790-2010
pecheneg
Rides in Walt Disney World
pecheneg
Most Oscar Losses (Acting)
pecheneg
Beyoncé Albums
pecheneg
Leaping Animals
pecheneg
Reality TV Shows (A-Z)
bhenderson79
Rickey Henderson's Hall of Fame Teammates
pecheneg
Champions League XIs: Arsenal
pecheneg
Quick Pick: Celebrities in WWE's Hall of Fame
aduchscher
Trending Topics
Anime
Disney
NBA
Kpop
Crossword
Harry Potter
Marvel
Pokémon
Soccer
The Office
Song
Country
Puzzle
NFL
WWE
Your Account Isn't Verified!
In order to create a playlist on Sporcle, you need to verify the email address you used during registration. Go to your
Sporcle Settings
to finish the process.
Report this User
Report this user for behavior that violates our
Community Guidelines
.
Details:
Send Report
Go to the Sporcle.com Mobile Site →
Comments